[Event "Budapest-chT1 Lilienthal 1718"]
[Site "Budapest"]
[Date "2018.03.11"]
[Round "11"]
[White "Cseke, Viktoria"]
[Black "Szabo, Emese"]
[Result "1-0"]
[WhiteElo "1368"]
[BlackElo "1163"]
[PlyCount "55"]
[EventDate "2017.10.01"]
[EventType "team-tourn"]
[EventRounds "13"]
[EventCountry "HUN"]
[SourceTitle "EXT 2021"]
[Source "ChessBase"]
[SourceDate "2020.10.23"]
[SourceVersion "1"]
[SourceVersionDate "2020.10.23"]
[SourceQuality "1"]
[WhiteTeam "Mattolda"]
[BlackTeam "Palota Sakk"]
[WhiteTeamCountry "HUN"]
[BlackTeamCountry "HUN"]

1. e4 c5 2. Nc3 Nc6 3. Bc4 Nf6 4. f4 d6 5. Nf3 Qc7 6. 0-0 g6 7. f5 gxf5 8. d3 Rg8 9. Ng5 Ne5 10. Bb3 fxe4 11. Ncxe4 Nxe4 12. Nxf7 Rg7 13. Nxe5 dxe5 14. Qh5+ Kd7 15. dxe4 Qc6 16. Qf5+ Kc7 17. Qxf8 Qg6 18. g3 Bh3 19. Qxa8 Qxe4 20. Kf2 Qf5+ 21. Ke3 Bxf1 22. Bd5 Qg5+ 23. Kf2 Qf5+ 24. Kg1 Ba6 25. Be3 Qxc2 26. Rc1 Qxb2 27. Rxc5+ Kb6 28. Qd8# 1-0

[Event "Budapest-chT1 Lilienthal 1718"]
[Site "Budapest"]
[Date "2017.10.01"]
[Round "1"]
[White "Toth, Peter3333"]
[Black "Cseke, Viktoria"]
[Result "1/2-1/2"]
[WhiteElo "1457"]
[BlackElo "1368"]
[PlyCount "46"]
[EventDate "2017.10.01"]
[EventType "team-tourn"]
[EventRounds "13"]
[EventCountry "HUN"]
[SourceTitle "EXT 2021"]
[Source "ChessBase"]
[SourceDate "2020.10.23"]
[SourceVersion "1"]
[SourceVersionDate "2020.10.23"]
[SourceQuality "1"]
[WhiteTeam "Siraly"]
[BlackTeam "Mattolda"]
[WhiteTeamCountry "HUN"]
[BlackTeamCountry "HUN"]

1. c4 e6 2. g3 Nf6 3. Bg2 d5 4. e3 c6 5. cxd5 cxd5 6. Ne2 Nc6 7. 0-0 Be7 8. Nbc3 Bd7 9. a3 0-0 10. d4 Rc8 11. b4 a6 12. e4 dxe4 13. Nxe4 Nd5 14. Nc5 Bxc5 15. dxc5 Nce7 16. Nf4 Bc6 17. Nxd5 Bxd5 18. Bf4 Bxg2 19. Kxg2 Nd5 20. Bd6 Re8 21. Re1 Qd7 22. Rc1 Qc6 23. f3 h6 1/2-1/2

[Event "Budapest-chT1 Lilienthal 1516"]
[Site "Budapest"]
[Date "2015.12.13"]
[Round "5"]
[White "Sulyok, Eszter"]
[Black "Cseke, Viktoria"]
[Result "1-0"]
[WhiteElo "1346"]
[BlackElo "1405"]
[PlyCount "81"]
[EventDate "2015.09.20"]
[EventType "team-tourn"]
[EventRounds "9"]
[EventCountry "HUN"]
[SourceTitle "EXT 2021"]
[Source "ChessBase"]
[SourceDate "2020.10.23"]
[SourceVersion "1"]
[SourceVersionDate "2020.10.23"]
[SourceQuality "1"]
[WhiteTeam "Penzugyor III"]
[BlackTeam "Siketek"]
[WhiteTeamCountry "HUN"]
[BlackTeamCountry "HUN"]

1. d4 e6 2. c4 d5 3. Nf3 Nf6 4. Bg5 Be7 5. e3 c6 6. Nc3 0-0 7. Bd3 dxc4 8. Bxc4 Nbd7 9. Bf4 Nd5 10. Bg3 N7f6 11. Qc2 Bb4 12. 0-0 Bd6 13. Bh4 Nxc3 14. bxc3 Be7 15. Bd3 h6 16. Rfe1 Nh5 17. Bxe7 Qxe7 18. Ne5 Nf6 19. Rad1 Bd7 20. e4 Rac8 21. Qb3 b5 22. c4 Rb8 23. Qc3 Rfc8 24. Qa5 Rb7 25. d5 cxd5 26. exd5 bxc4 27. Bxc4 Rc5 28. d6 Rxa5 29. dxe7 Rc7 30. Nxd7 Ne8 31. Bb3 Ra6 32. Ne5 Rd6 33. Ba4 Rxd1 34. Rxd1 Nf6 35. e8Q+ Nxe8 36. Bxe8 f6 37. Nf3 Kf8 38. Ba4 g5 39. Nd4 Ke7 40. Bb3 e5 41. Nf5+ 1-0